000 00292nam a22001337a 4500
008 170706b xxu||||| |||| 00| 0 eng d
020 _a0395083567
041 _aeng
080 _a82
100 _a22
101 _aGJL
245 _aMY ANTONIA WILLA VATHER
_cCATHER.W
942 _2udc
_cBK
999 _c19996
_d19996